Viedeň : turistický sprievodca /

Uloženo v:
Podrobná bibliografie
Hlavní autor: Lacika, Ján, 1956- (Autor)
Médium: Kniha
Jazyk:slovenština
Vydáno: Bratislava : Príroda, 2007
Vydání:1. vyd.
Témata:
ISBN:9788007015463
On-line přístup: Získat plný text
Tagy: Přidat tag
Žádné tagy, Buďte první, kdo vytvoří štítek k tomuto záznamu!

MARC

LEADER 00000nam a2200000 4500
003 SK-BrCVT
005 20220621163226.0
008 070621s2007 xo e ||||||slo d
020 |a 9788007015463 
035 |a CVTIDW1413833 
040 |b slo  |a CVTI SR  |e AACR2 
041 0 |a slo 
044 |a xo 
080 |a 913(436-25)  |2 UDC-MRF 
080 |a 030  |2 UDC-MRF 
100 1 |a Lacika, Ján,  |d 1956-,  |4 aut 
245 1 0 |a Viedeň :  |b turistický sprievodca /  |c Ján Lacika 
250 |a 1. vyd. 
260 |a Bratislava :  |b Príroda,  |c 2007 
300 |a 64 s. :  |b fotogr. ; 
653 1 |a príroda  |a história  |a mesto  |a predmestie 
910 |b A602278 
919 |a 978-80-07-01546-3 
974 |f Knihy 
992 |a ASP 
999 |c 155417  |d 155417